10 Actresses, 3 Decades Quiz Stats

 Plays Quiz Updated May 5, 2016

Challenge
Share
Tweet
Score 0/30 Timer 07:00
2 Plays Today
% Correct
Black Swan
97%
Gravity
91.5%
The Devil Wears Prada
91.1%
Titanic
89.5%
Pretty Woman
89%
Speed
88.3%
The Blind Side
83.3%
Legally Blonde
82.7%
The Iron Lady
76.5%
Panic Room
71.3%
Elizabeth
69.5%
V for Vendetta
67.6%
Eat Pray Love
63.8%
Léon: The Professional
55%
The Flintstones
55%
% Correct
Eternal Sunshine of the Spotless Mind
54.3%
Maverick
52.5%
Wild
47.8%
Death Becomes Her
45.8%
Election
43.9%
Mona Lisa Smile
43.2%
The Big Lebowski
41.7%
Divergent
38.9%
Die Another Day
32.8%
The Aviator
30%
Blue Jasmine
27.8%
Elysium
23%
Still Alice
22.6%
Cloud Atlas
13.5%
Far From Heaven
8.3%

You're not logged in!

Compare scores with friends on all Sporcle quizzes.
OR
Log In

You Might Also Like...

Show Comments

Extras

Top Quizzes Today


Score Distribution

Your Account Isn't Verified!

In order to create a playlist on Sporcle, you need to verify the email address you used during registration. Go to your Sporcle Settings to finish the process.

Report this User

Report this user for behavior that violates our Community Guidelines.

Details: